00415nam a2200157 a 450000100060000000300090000600800410001502000150005604000280007108200090009910000370010824500320014526000470017730000100022465000230023418517CO-ViMGA141112s2004 ck r 000 u spa d a8484521486 aCO-ViMGAbspacCO-ViMGA04aASHa1 aAshley, Bernard; Thompson, Carol10aA Julia la quieren el doble aBarcelona (España), cIntermón, c2002 a26.p.14aCUENTOS INFANTILES